Responses for Show #7548 - Wednesday, June 7, 2017

Contestants

[<< previous game]

Phyllis Gilbert, a freelance writer and researcher from Blakely, Georgia

Bala Kumar, a lawyer from Pittsburgh, Pennsylvania

Chantelle Schofield, an E.R. social worker from Fort Myers, Florida (whose 2-day cash winnings total $32,402)

[next game >>]

Jeopardy! Round responses

BUSINESS NAMES
COMMON BONDS
HISTORICAL FICTION
ORIGINAL "SIN"
NAME THE CAPITAL
THE NAISMITH MEMORIAL BASKETBALL HALL OF FAME
(Jimmy: The great legacy of the game that sprang from the mind of a Canadian phys ed teacher.)
    $200 15
Verizon

Phyllis
    $200 20
golf clubs

Phyllis
    $200 9
(Bala: Who is Isabella?)

Elizabeth I

ChantelleBala
    $200 1
singular

Chantelle
    $200 6
Montgomery

Bala
    $200 7
Wilt Chamberlain

Bala
    $400 16
Minnesota

Phyllis
    $400 21
(Chantelle: [*]? What are [*]?)

things that spin

Chantelle
    $400 10
(Mary) Shelley

Chantelle
    $400 2
sinister

Triple Stumper
    $400 30
Ulaanbaatar

Chantelle
    $400 8
the Hubble

Chantelle
    $600 17
Moby Dick

Bala
    $600 22
Crayola colors

Chantelle
    $600 11
Easter

Bala
    $600 3
sinkable

Chantelle
    $600 29
Halifax

Bala
    $600 12
(Dennis) Rodman

Chantelle
    $800 18
Unilever

Bala
    $800 23
things that fly

Chantelle
    $1,500 13
(Edgar) Degas

Chantelle
    $800 4
a sinew

Chantelle
    $800 28
(Phyllis: What is Riga?)
(Bala: What is Vilnius?)

Tallinn

BalaPhyllis
Triple Stumper
    $800 25
Shaquille O'Neal

Bala
    $1000 19
Berkshire Hathaway

Chantelle
    $1000 24
bridges

Bala
    $1000 14
New Mexico

Triple Stumper
    $1000 5
a sinecure

Phyllis
    $1000 27
(Bala: What is Johnstown?)

Hamilton

ChantelleBala
    $1000 26
Pat Riley

Bala

Scores at the first commercial break (after clue 15):

Chantelle Bala Phyllis
$4,700 $800 $1,200

Scores at the end of the Jeopardy! Round:

Chantelle Bala Phyllis
$8,900 $3,800 $1,000

Double Jeopardy! Round responses

PLAY DOUGH
13-LETTER WORDS
HOUSES OF WORSHIP
REAL PEOPLE IN SONG
THE ELEMENT
OF SURPRISE
    $400 1
Fiddler on the Roof

Bala
    $400 23
a tricentennial

Phyllis
    $400 2
Notre-Dame

Chantelle
    $400 11
(Phyllis: Who is Marilyn Monroe?)

"Candle In The Wind"

ChantellePhyllis
    $400 21
magnets

Phyllis
    $400 16
the Trojan horse

Phyllis
    $800 3
Guys and Dolls

Bala
    $800 22
the groundskeeper

Bala
    $800 4
(Phyllis: What is Oregon?)

Illinois

Phyllis
Triple Stumper
    $800 12
Rosa Parks

Chantelle
    $900 29
carbon

Bala
    $800 17
the Delaware River

Bala
    $1,000 7
American Buffalo

Phyllis
    $1200 24
(Phyllis: What is patriarch?)

paterfamilias

ChantellePhyllis
    $1200 5
the Hagia Sophia

Bala
    $1200 13
Chairman Mao

Chantelle
    $1200 28
(Phyllis: What is magnesium?)

manganese

BalaPhyllis
    $1200 18
the Tet offensive

Phyllis
    $1600 8
Big Daddy

Bala
    $1600 25
paraphernalia

Bala
    $1600 6
the Golden Temple

Phyllis
    $1600 14
Whitney Houston

Triple Stumper
    $1600 30
Einsteinium

Chantelle
    $1600 19
Japan

Bala
    $2000 9
"You've Got To Pick A Pocket Or Two"

Triple Stumper
    $2000 26
endocrinology

Phyllis
    $2000 10
Aachen

Chantelle
    $2000 15
(Chantelle: Who is Tom Woolery?)
(Phyllis: Who is Bob Woolery?)

Chuck Woolery

ChantellePhyllis
Triple Stumper
    $2000 27
electroplating (or galvanizing)

Chantelle
    $2000 20
(Bala: Who are the Goths?)
(Alex: Be more specific.)
(Bala: Who are [*]?)

the Visigoths

Bala

Scores at the end of the Double Jeopardy! Round:

Chantelle Bala Phyllis
$16,500 $16,700 $2,400

[wagering suggestions for these scores]

Final Jeopardy! Round responses

BRITISH KINGS
(Alex: [To Bala] [*], also known as Longshanks--responsible for the death of William Wallace but conquered Wales.)
PhyllisWho was H Henry I
$2,399
ChantelleWho is King Henry I
$16,250
BalaWho is Edward
$16,300
Edward I

Final scores:

Chantelle Bala Phyllis
$250 $33,000 $1
2nd place: $2,000 New champion: $33,000 3rd place: $1,000

Game dynamics:

Coryat scores:

Chantelle Bala Phyllis
$15,800 $16,600 $2,600
22 R
(including 1 DD),
1 W
20 R
(including 1 DD),
3 W
11 R
(including 1 DD),
6 W

Combined Coryat: $35,000

[game clues] [game scores] [suggest correction]

Game tape date: Unknown
The J! Archive is created by fans, for fans. Scraping, republication, monetization, and malicious use prohibited; this site may use cookies and collect identifying information. See terms. The Jeopardy! game show and all elements thereof, including but not limited to copyright and trademark thereto, are the property of Jeopardy Productions, Inc. and are protected under law. This website is not affiliated with, sponsored by, or operated by Jeopardy Productions, Inc. Join the discussion at JBoard.tv.